Music Quiz

Random Music or Comic Books Quiz
Score 0/9 Timer 02:00
4 Plays Today
% Correct
Elvis Presley
98.7%
Michael Jackson
98.7%
Eminem
98.2%
Paul McCartney
97.3%
Prince
96.6%
Mick Jagger
96.1%
John Lennon
96.1%
Gene Simmons
95.2%
Wayne Coyne
90%
Remove Ads.
Support Sporcle.
Get the best of Sporcle when you Go Orange. This ad-free experience offers more features, more stats, and more fun while also helping to support Sporcle. Thank you for becoming a member.

You're not logged in!

Compare scores with friends on all Sporcle quizzes.
OR
Log In

Show Comments

Extras

Top Quizzes Today


Score Distribution

Your Account Isn't Verified!

In order to create a playlist on Sporcle, you need to verify the email address you used during registration. Go to your Sporcle Settings to finish the process.

Report this User

Report this user for behavior that violates our Community Guidelines.

Details: